Statistics for Richest Countries In The World In 1900

Click here to take the quiz!

General Stats

  • This quiz has been taken 88 times
  • The average score is 22 of 25

Answer Stats

$Country% Correct
$2,680United Kingdom
100%
$3,890United States
99%
$2,850France
95%
$4,290Australia
94%
$3,530Germany
94%
$2,900Austria-Hungary
92%
$3,540Netherlands
92%
$2,550Canada
91%
$1,760Italy
91%
$4,320New Zealand
91%
$2,560Sweden
91%
$2,970Denmark
90%
$1,990Spain
90%
$2,040Norway
88%
$4,090Belgium
87%
$1,030Brazil
87%
$2,760Argentina
86%
$1,540Japan
86%
$1,410Portugal
86%
$1,680Mexico
84%
$3,170Switzerland
81%
$2,210Chile
78%
$1,160Colombia
75%
$1,120Venezuela
71%
$970Peru
70%

Score Distribution

Percentile by Number Answered

Percent of People with Each Score

Your Score History

You have not taken this quiz